00423nam a2200193Ia 4500003000900000008004100009040001300050040001300063041000800076100001700084245002700101250001400128260002100142260000900163300001000172300001200182490000600194600002900200IT-RoPAU120407s9999 xx 000 0 und d aIT-RoPAU cIT-RoPAU aita aPaul Claudel aRéspond les Psaumes. aNeuchatel aIdes et Calendes c1948 a77 p. c22,5 cm v1 a 1. Bibbia. V. T. Salmi.